000 00532nam a2200193Ia 4500
003 LK-CoDNM
005 20240130142856.0
008 010623t1915 xxu||||| |||| 00| 1 eng d
040 _aLK-CoDNM
_dLK-CoDNM
_eLK-CoDNM
041 _aeng
_asin
080 _a104
_bO 3
245 _aබැප්ටිස්ට් ප්‍ර‍වෘත්ති
246 _aBaptist Messenger
260 _bAlliance press
_aColombo
_c1915
300 _b12p., 27 cm
650 _aBaptist union
650 _aCinnamon gardens church
942 _cBK
999 _c88557
_d88557